000 00368nam a22001457a 4500
020 _qPB.
040 _cFIZZA ISHAQ
082 _a658.422
_bDOU
100 _aEADIE,DOUG.
_9133715
245 _aEXTRAORDINAR BOARD LEADERSHIP /
_cDOUG EADIE.
250 _a2ND ED.
260 _aLONDON ;
_bJONES AND BARTLETT,
_c2009.
300 _a190 P. ;
_c8.9X5.9IN
942 _2ddc
_cBK
999 _c616679
_d616679